[Event "Eschborn op"]
[Site "Eschborn"]
[Date "2019.08.18"]
[Round "5.37"]
[White "Lange, Martin"]
[Black "Djakovic, Alexander Sasa"]
[Result "1-0"]
[WhiteElo "1714"]
[BlackElo "1669"]
[PlyCount "65"]
[EventDate "2019.08.16"]
[EventType "swiss"]
[EventRounds "5"]
[EventCountry "GER"]
[SourceTitle "EXT 2024"]
[Source "ChessBase"]
[SourceDate "2023.10.10"]
[SourceVersion "1"]
[SourceVersionDate "2023.10.10"]
[SourceQuality "1"]

1. e4 d6 2. d4 Nf6 3. Nc3 c6 4. f4 Qa5 5. Bd2 Qb6 6. Nf3 Bg4 7. Na4 Qc7 8. h3 Bxf3 9. Qxf3 e5 10. dxe5 dxe5 11. Bd3 Nbd7 12. 0-0 Be7 13. b3 0-0 14. Rad1 b5 15. Nb2 Rad8 16. a4 a6 17. axb5 axb5 18. Ra1 Qd6 19. Be3 Ra8 20. Rfd1 Qb4 21. Kh2 Rxa1 22. Rxa1 Qc3 23. Ra2 Nc5 24. fxe5 Qxe5+ 25. Bf4 Qe6 26. e5 Nd5 27. Bg3 f5 28. exf6 Bxf6 29. Qh5 g6 30. Qh6 Bg7 31. Qh4 Bf6 32. Qh6 Ne3 33. Ra7 1-0

[Event "Eschborn op"]
[Site "Eschborn"]
[Date "2019.08.18"]
[Round "4.28"]
[White "Winand, Edgar"]
[Black "Djakovic, Alexander Sasa"]
[Result "1-0"]
[WhiteElo "1843"]
[BlackElo "1669"]
[PlyCount "34"]
[EventDate "2019.08.16"]
[EventType "swiss"]
[EventRounds "5"]
[EventCountry "GER"]
[SourceTitle "EXT 2024"]
[Source "ChessBase"]
[SourceDate "2023.10.10"]
[SourceVersion "1"]
[SourceVersionDate "2023.10.10"]
[SourceQuality "1"]

1. g4 d6 2. Bg2 c6 3. e4 g6 4. d3 Bg7 5. Nc3 Nf6 6. h3 b5 7. Nf3 Qc7 8. 0-0 0-0 9. Rb1 Nbd7 10. Be3 e5 11. Qd2 Re8 12. Nh2 a6 13. f4 exf4 14. Bxf4 Ne5 15. Rf2 Be6 16. b3 Rad8 17. Rbf1 Nfd7 1-0